000 00371pab a2200145 454500
008 180718b1987 xxu||||| |||| 00| 0 eng d
100 _aSingh, V.S.
245 _aDecentralised planning needs reorientation
260 _c1987
300 _a4-10
362 _aJuly
650 _aAdministrative Decentralisation - India - Uttar Pradesh
773 _aYojana
909 _a3177
999 _c3177
_d3177